| 000 | 01853nam a2200445 a 4500 | ||
|---|---|---|---|
| 001 | ebr10690820 | ||
| 003 | CaPaEBR | ||
| 006 | m u | ||
| 007 | cr cn||||||||| | ||
| 008 | 121212s2012 sz a sb 000 0 eng d | ||
| 010 | _z 2012045800 | ||
| 020 | _z9783039114450 (paperback) | ||
| 020 | _z9783035105766 (e-book) | ||
| 040 |
_aCaPaEBR _cCaPaEBR |
||
| 035 | _a(OCoLC)841910081 | ||
| 050 | 1 | 4 |
_aP207 _b.G73 2012eb |
| 082 | 0 | 4 |
_a495.15 _223 |
| 245 | 0 | 0 |
_aGrammar in cross-linguistic perspective _h[electronic resource] : _bthe syntax, semantics, and pragmatics of Japanese and Chinese / _cTeruhiro Ishiguro & Kang-kwong Luke (eds). |
| 260 |
_aBern ; _aNew York : _bPeter Lang, _c2012. |
||
| 300 |
_a304 p. : _bill. |
||
| 490 | 1 |
_aLinguistic insights : studies in language and communication, _x1424-8689 ; _vv. 57 |
|
| 504 | _aIncludes bibliographical references. | ||
| 533 |
_aElectronic reproduction. _bPalo Alto, Calif. : _cebrary, _d2013. _nAvailable via World Wide Web. _nAccess may be limited to ebrary affiliated libraries. |
||
| 650 | 0 | _aComparative linguistics. | |
| 650 | 0 |
_aJapanese language _xGrammar, Comparative _xChinese. |
|
| 650 | 0 |
_aChinese language _xGrammar, Comparative _xJapanese. |
|
| 650 | 0 |
_aJapanese language _xGrammar. |
|
| 650 | 0 |
_aChinese language _xGrammar. |
|
| 650 | 0 |
_aEnglish language _xGrammar. |
|
| 650 | 0 | _aInterlanguage (Language learning) | |
| 650 | 0 | _aIntercultural communication. | |
| 650 | 0 | _aSpeech acts (Linguistics) | |
| 650 | 0 | _aGrammaticality (Linguistics) | |
| 655 | 7 |
_aElectronic books. _2local |
|
| 700 | 1 |
_aIshiguro, Teruhiro, _d1934- |
|
| 700 | 1 | _aLuke, Kang Kwong. | |
| 710 | 2 | _aebrary, Inc. | |
| 830 | 0 |
_aLinguistic insights ; _vv. 57. |
|
| 856 | 4 | 0 |
_uhttp://site.ebrary.com/lib/rucke/Doc?id=10690820 _zAn electronic book accessible through the World Wide Web; click to view |
| 999 |
_c26593 _d26593 |
||